| 000 | 01256nam a22003497a 4500 | ||
|---|---|---|---|
| 003 | CHAP | ||
| 005 | 20220329133949.0 | ||
| 008 | 971013s1981 r 00010 d | ||
| 010 | _a13306 | ||
| 011 | _a14278 | ||
| 035 | _a18351 | ||
| 040 | _cCHAP | ||
| 090 | _aTesis | ||
| 100 | 0 | 0 |
_aGómez Mendieta, Luis Antonio. _949804 |
| 245 | _aEfecto de uno organofosforado (FAMPHUR) administrado por medio de bolos de liberación lenta a bovinos criollos infectados con garrapatas Boophilus microplus | ||
| 260 |
_aMéxico, D.F. : _bEl autor, _c1981 |
||
| 300 |
_a28 h. _b: gráfs |
||
| 502 | _aTesis (Médico Veterinario Zootecnista) -- UNAM. Fac. de Medicina Veterinaria y Zootecnia | ||
| 590 |
_aALEPH _b10 _c20130110 _lUCH01 _h1232 |
||
| 590 |
_aBATCH-UPD _b10 _c20130110 _lUCH01 _h0258 |
||
| 590 |
_aBATCH-UPD _b10 _c20130110 _lUCH01 _h1725 |
||
| 590 |
_aBATCH-UPD _b10 _c20130410 _lUCH01 _h1412 |
||
| 590 |
_aBATCH-UPD _b10 _c20130914 _lUCH01 _h1525 |
||
| 590 |
_aCONVERSION _b10 _c20130109 _lUCH01 _h1309 |
||
| 650 | 1 | 4 |
_aGanado vacuno _xEnfermedades. _945460 |
| 650 | 1 | 4 |
_aGanado vacuno _xParásitos. _945500 |
| 650 | 1 | 4 |
_aGarrapatas. _946932 |
| 650 | 1 | 4 |
_aParasiticidas. _985462 |
| 901 | _aBK | ||
| 942 | _cTESIS | ||
| 949 |
_bBC _cTES _d-42861 _eTS1 _i18351 _si |
||
| 999 |
_c13306 _d13306 |
||